| 000 | 004500000a22001690004500 | ||
|---|---|---|---|
| 003 | MACL | ||
| 005 | 20160112140437.0 | ||
| 008 | 160112b xxu||||| |||| 00| 0 eng d | ||
| 040 |
_aMACL _cMACL |
||
| 041 | _aEnglish | ||
| 082 | _a923.2/SIN | ||
| 100 |
_aSingh, Harbhajan _931355 |
||
| 245 |
_aIndira Gandhi _bA prime Minister Assassinated |
||
| 260 |
_bAlfa publication _c1984 _aNew Delhi |
||
| 650 |
_aBiography _931356 |
||
| 942 |
_cBK _k923.2/SIN _2ddc |
||
| 999 |
_c34317 _d34317 |
||